Philosophie biologique
Gardado en:
| Autor Principal: | |
|---|---|
| Formato: | Libro |
| Idioma: | francés |
| Publicado: |
París
Universitaires de France
1962
|
| Edición: | 2a. ed |
| Series: | Initiation Philosophique, 15
|
| Subjects: | |
| Tags: |
Engadir etiqueta
Sen Etiquetas, Sexa o primeiro en etiquetar este rexistro!
|
MARC
| LEADER | 00000nam a2200000 a 4500 | ||
|---|---|---|---|
| 001 | UCZ4794 | ||
| 003 | CL-VaPUC | ||
| 008 | 951110e19620000FR |||||||||||||||||fre|d | ||
| 082 | 0 | 4 | |a 501 |b DAG |2 21 |
| 100 | 0 | |a Dagognet, Francois |e author |9 348788 | |
| 245 | 1 | 0 | |a Philosophie biologique |
| 250 | |a 2a. ed | ||
| 300 | |a 106 p | ||
| 942 | |c BK | ||
| 945 | |d 19951110 00:00:00 |a lriquelm | ||
| 260 | |a París |b Universitaires de France |c 1962 | ||
| 650 | 0 | |a Filosofía de las ciencias |9 256466 | |
| 650 | 0 | |a Biología |9 262022 | |
| 650 | 0 | |a Ciencia |9 255691 | |
| 650 | 0 | |a Racionalismo |9 259116 | |
| 583 | |a last modification |c 19951110 00:00:00 |k Rodrigo Vera | ||
| 490 | 0 | |a Initiation Philosophique, 15 | |
| 999 | |c 241159 |d 241157 | ||
| 952 | |0 0 |1 0 |4 0 |6 501_000000000000000_DAG_1962 |7 0 |8 P |9 253332 |a BIBEDU |b BIBEDU |c BIBEDU_PB |d 2019-11-19 |i 1599682 |o 501 DAG 1962 |p 1599682 |r 2024-01-25 |w 2019-11-19 |y BK |k FIL | ||